Matemática 4° Educación Media: texto del estudiante

Guardat en:
Dades bibliogràfiques
Autors principals: Baeza Peña, Angela Rossana (Autor), Villena Ramírez, Marcia Romina (Autor), Jorquera Rozbaczylo, Pablo Alfonso (Autor), Setz Mena, Javiera (Autor)
Format: Llibre
Idioma:espanyol
Publicat: Santiago Santillana 2011
Edició:2a. ed
Matèries:
Etiquetes: Afegir etiqueta
Sense etiquetes, Sigues el primer a etiquetar aquest registre!

MARC

LEADER 00000cam a2200000 a 4500
001 UCD0706
003 CL-VaPUC
008 151210e20110000cl |||||||||||||||||spa|d
020 |a 9789561517608 
082 0 4 |a 510.712  |b BAE  |2 21 
100 0 |a Baeza Peña, Angela Rossana  |e author  |9 583699 
700 0 |a Villena Ramírez, Marcia Romina  |e author  |9 583700 
700 0 |a Jorquera Rozbaczylo, Pablo Alfonso  |e author  |9 583701 
700 0 |a Setz Mena, Javiera  |e author  |9 583702 
245 1 0 |a Matemática 4° Educación Media: texto del estudiante 
250 |a 2a. ed 
300 |a 287 p 
942 |c BK 
945 |d 20151210 22:58:00  |a dcastane 
260 |a Santiago  |b Santillana  |c 2011 
650 0 |a Matemáticas  |x Enseñanza  |9 875527 
650 0 |a Métodos de enseñanza  |9 270413 
583 |a last modification  |c 20151210 22:58:00  |k Rodrigo Vera 
999 |c 362168  |d 362166 
952 |0 0  |1 0  |3 erb  |4 0  |6 510_712000000000000_BAE_2011  |7 0  |8 A  |9 473097  |a BIBMAT  |b BIBMAT  |c E_DIDACT  |i 5256267  |o 510.712 BAE 2011  |p 5256267  |r 2025-01-07  |w 2019-11-24  |y BK  |z Catalogado en:20151210  |k MAT 
952 |0 0  |1 0  |3 erb  |4 0  |6 510_712000000000000_BAE_2011  |7 0  |8 A  |9 473099  |a BIBMAT  |b BIBMAT  |c E_DIDACT  |i 5256240  |o 510.712 BAE 2011  |p 5256240  |r 2025-01-07  |w 2019-11-24  |y BK  |z Catalogado en:20151210  |k MAT